000 00299nam a22001337a 4500
008 180803b xxu||||| |||| 00| 0 eng d
082 _a813.52
245 _aPower lecture Nutrition
_cWADSWORTH
260 _c2000
300 _a1
440 _x9780538496797
760 _b12 th
942 _2ddc
_cMX
999 _c46786
_d46786